Europe by Images - 'D' - Statistics

General Stats
  • This quiz has been taken 62 times
  • The average score is 7 of 16
Answer Stats
Picture Hint Answer % Correct
Princess Diana
98%
River Danube
95%
Country Denmark
93%
Cliffs Dover
82%
City Dubrovnik
73%
Capital City Dublin
71%
City Dresden
49%
Town Delphi
29%
Palace Doge's
22%
City Dijon
20%
Actress Diane Kruger
11%
Food Dolmades
9%
City Daugavpils
5%
King David I
2%
Beach Diamond
2%
Peak Dufourspitze
2%
No matching quizzes found
Score Distribution
Percent of People with Each Score
Percentile by Number Answered
Your Score History
You have not taken this quiz